| 000 | 00614 a2200205 4500 | ||
|---|---|---|---|
| 005 | 20260129104551.0 | ||
| 008 | 260128b |||||||| |||| 00| 0 eng d | ||
| 020 |
_a9781433834455 _c$ 76.99 |
||
| 040 | _aMAIN | ||
| 082 |
_a150.72 _bC146Q |
||
| 100 | _aCamic, Paul M, ed | ||
| 245 | _aQualitative research in psychology: Expanding perspectives in methodology and design | ||
| 250 | _a2nd | ||
| 260 |
_bAmerican Psychological Association _c2021 _aWashington |
||
| 300 | _axiii, 323 | ||
| 650 | _aPsychology | ||
| 650 | _aQualitative Research | ||
| 650 | _aResearch Methods - Psychology | ||
| 942 | _cBK | ||
| 999 |
_c395417 _d395417 |
||